| 000 | 00718nam a2200229 a 4500 | ||
|---|---|---|---|
| 001 | 43009 | ||
| 003 | BD-RjUL | ||
| 005 | 20211209053629.0 | ||
| 008 | 160616r1952 enka 001 0 eng | ||
| 020 | _a333013735 | ||
| 035 | _a(BD-RjUL)43127 | ||
| 040 |
_aDLC _cWSU _dSER _dm.c _dOCL _dBD-RjUL _beng |
||
| 041 | _aeng | ||
| 082 |
_223 _a330.9 _bCOI 1965 |
||
| 100 | 1 |
_aCole, G. D. H. _d1889-1959. _9132075 |
|
| 245 | 1 | 0 |
_aIntroduction to economic history : _b1750-1950 / _cby G.D.H. Cole |
| 260 |
_aLondon : _bMacmillan, _c1952 [Reprinted 1965, 1972] |
||
| 300 |
_ax, 232 p. : _bill. ; _c20 cm. |
||
| 650 | 0 |
_aEconomic history _y1750-1918 _9132076 |
|
| 650 | 0 |
_aEconomic history _y20th century _9130652 |
|
| 942 |
_2ddc _cBK |
||
| 999 |
_c43009 _d43009 |
||